000 00297nam a22001337a 4500
008 190129b xxu||||| |||| 00| 0 eng d
020 _a9781593851897
041 _aeng
080 _a159.9
100 _a49
101 _aPSI
245 _aPsychotherapy with Women
_cMirkin, M.P
942 _2udc
_cBK
999 _c53897
_d53897